Anh phải sống Tuyển tập truyện ngắn
Đã lưu trong:
| 主要作者: | |
|---|---|
| 格式: | 图书 |
| 语言: | Undetermined |
| 出版: |
Tp. HCM.
Văn nghệ
1994
|
| 标签: |
添加标签
没有标签, 成为第一个标记此记录!
|
| Thư viện lưu trữ: | Trung tâm Học liệu Trường Đại học Cần Thơ |
|---|
| LEADER | 00481nam a2200169Ia 4500 | ||
|---|---|---|---|
| 001 | CTU_32454 | ||
| 008 | 210402s9999 xx 000 0 und d | ||
| 082 | |a 895.922331 | ||
| 082 | |b Kh103a/1995 | ||
| 100 | |a Khái Hưng | ||
| 245 | 0 | |a Anh phải sống | |
| 245 | 0 | |b Tuyển tập truyện ngắn | |
| 245 | 0 | |c Khái Hưng, Nhất Linh | |
| 260 | |a Tp. HCM. | ||
| 260 | |b Văn nghệ | ||
| 260 | |c 1994 | ||
| 980 | |a Trung tâm Học liệu Trường Đại học Cần Thơ | ||